| 000 | 00682cam a22002293a 4500 | ||
|---|---|---|---|
| 001 | 22192 | ||
| 003 | PGUSA | ||
| 005 | 20140828083455.0 | ||
| 008 | 070801s2007||||xxu|||||s|||||000 | eng d | ||
| 040 |
_aPGUSA _beng |
||
| 042 | _adc | ||
| 050 | 4 | _aHQ | |
| 100 | 1 | _aRoch, Éline | |
| 245 | 1 | 0 |
_aCe que vaut une femme : _bTraité d'éducation morale et pratique des jeunes filles _h[electronic resource] / _cÉline Roch |
| 260 |
_bProject Gutenberg, _c2007 |
||
| 506 | _aPublic domain in the USA. | ||
| 516 | _aElectronic text | ||
| 653 | _aYoung women -- Conduct of life | ||
| 830 | 0 |
_aProject Gutenberg _v22192 |
|
| 856 | 4 | 0 | _uhttp://www.gutenberg.org/ebooks/22192 |
| 942 | _cEB | ||
| 999 |
_c251447 _d251447 |
||